Prevenir riesgos o atender desastres en las ciudades: dos opciones de política con alcances distintos /
En este artículo se aborda el desarrollo urbano como una causa de vulnerabilidad en las construcciones frente a algún desastre, lo cual se debe principalmente a las falta de planificación urbana y gestión de riesgos. En este marco se menciona, que las sociedades para enfrentar los desastres incentiv...
Gardado en:
| Autor Principal: | |
|---|---|
| Formato: | Texto |
| Materias: | |
| Etiquetas: |
Engadir etiqueta
Sen Etiquetas, Sexa o primeiro en etiquetar este rexistro!
|
MARC
| LEADER | 00000 a a2200000 04500 | ||
|---|---|---|---|
| 001 | 40803 | ||
| 003 | |||
| 040 | |||
| 100 | |a Estrada Díaz, Gabriela | ||
| 245 | |a Prevenir riesgos o atender desastres en las ciudades: |b dos opciones de política con alcances distintos / |c Gabriela Estrada Díaz | ||
| 520 | |a En este artículo se aborda el desarrollo urbano como una causa de vulnerabilidad en las construcciones frente a algún desastre, lo cual se debe principalmente a las falta de planificación urbana y gestión de riesgos. En este marco se menciona, que las sociedades para enfrentar los desastres incentivan una legislación o reglamentación, tratando de vincular a ésta, las variables anteriormente señaladas. Con la finalidad de generar mayor comprensión de esta propuesta, se hace referencia a los marcos reglamentarios de México y Francia en materia de prevención de riesgos y desastres y planeación urbana. | ||
| 590 | |a SJB/MAYO2011 | ||
| 650 | |a 1.GESTION DE LOS RIESGOS | ||
| 650 | |a 2.PREVENCION DE DESASTRES | ||
| 650 | |a 3.PLANIFICACION URBANA | ||
| 650 | |a 4.DESARROLLO URBANO | ||
| 650 | |a 5.DESASTRES NATURALES | ||
| 650 | |a 6.MEXICO | ||
| 650 | |a 7.FRANCIA | ||
| 773 | |g número56 ( , 2009), páginas 41-56 | ||
| 999 | |c 37828 |d 37828 | ||
